Największe polskie miasta zawierające literę Y - Statystyki

Ogólne statystyki
  • Ten quiz został rozwiązany 36 razy
    21 od ostatniego zresetowania
  • Średni wynik to 12 z 15
Statystyki odpowiedzi
Województwo Populacja Miasto % Poprawnych
Podlaskie 292 058 Białystok
100%
Kujawsko-pomorskie 328 370 Bydgoszcz
100%
Pomorskie 242 141 Gdynia
100%
Małopolskie 80 446 Nowy Sącz
95%
Warmińsko-mazurskie 167 844 Olsztyn
95%
Śląskie 148 687 Bytom
90%
Śląskie 131 323 Rybnik
86%
Śląskie 122 605 Tychy
86%
Dolnośląskie 101 082 Wałbrzych
86%
Łódzkie 66 901 Piotrków Trybunalski
81%
Podkarpackie 56 466 Przemyśl
76%
Śląskie 71 473 Mysłowice
71%
Świętokrzyskie 62 471 Ostrowiec Świętokrzyski
57%
Śląskie 61 793 Żory
52%
Śląskie 61 389 Tarnowskie Góry
48%
Nie znaleziono quizów pasujących do podanych kryteriów
Rozkład punktacji
Procent ludzi z każdym wynikiem
Percentyl według liczby udzielonych odpowiedzi
Twoja historia wyników
Nie rozwiązałeś tego quizu od ostatniego zresetowania